[Event "Tolima Departament-ch U18"]
[Site "Tolima"]
[Date "2020.01.09"]
[Round "5"]
[White "Vargas Diaz, Juan David"]
[Black "Obando Gonzalez, Luis Alejandro"]
[Result "1-0"]
[WhiteElo "1246"]
[BlackElo "1271"]
[PlyCount "39"]
[EventDate "2020.01.07"]
[EventType "swiss"]
[EventRounds "5"]
[EventCountry "COL"]
[SourceTitle "CBM 195 Extra"]
[Source "ChessBase"]
[SourceDate "2020.05.31"]
[SourceVersion "1"]
[SourceVersionDate "2020.05.31"]
[SourceQuality "1"]

1. d4 Nf6 2. Nf3 g6 3. c4 d5 4. cxd5 Nxd5 5. e4 Nb6 6. Nc3 Bg7 7. Be3 Bg4 8. Be2 Nc6 9. d5 Ne5 10. Nxe5 Bxe2 11. Nxf7 Kxf7 12. Qxe2 Rf8 13. 0-0 Nd7 14. Rac1 Ne5 15. Nb5 c6 16. dxc6 Nxc6 17. Qc4+ e6 18. Rfd1 Nd4 19. Nxd4 Rc8 20. Qxe6# 1-0

[Event "COL-ch sf3 U18"]
[Site "Bogota"]
[Date "2019.06.07"]
[Round "2.6"]
[White "Lopez Ramirez, Daniel Giovanny"]
[Black "Obando Gonzalez, Luis Alejandro"]
[Result "1-0"]
[WhiteElo "1741"]
[BlackElo "1280"]
[PlyCount "45"]
[EventDate "2019.06.06"]
[EventType "swiss"]
[EventRounds "6"]
[EventCountry "COL"]
[SourceTitle "EXT 2024"]
[Source "ChessBase"]
[SourceDate "2023.10.10"]
[SourceVersion "1"]
[SourceVersionDate "2023.10.10"]
[SourceQuality "1"]

1. e4 c6 2. Nf3 d5 3. Nc3 Bg4 4. h3 Bxf3 5. Qxf3 e6 6. d3 Nd7 7. Bd2 Ngf6 8. g4 h6 9. Qg3 Be7 10. 0-0-0 b5 11. exd5 cxd5 12. Nxb5 Rb8 13. d4 Ne4 14. Nc7+ Kf8 15. Qf4 Bg5 16. Nxe6+ Ke7 17. Nxd8 Bxf4 18. Nc6+ Ke6 19. Bxf4 Rb6 20. Na5 Nxf2 21. Re1+ Ne4 22. Bc7 Rb5 23. Bxb5 1-0

[Event "COL-ch sf3 U16"]
[Site "Moniquira"]
[Date "2019.05.24"]
[Round "3.14"]
[White "Garzon Ladino, Juan Alexander"]
[Black "Obando Gonzalez, Luis Alejandro"]
[Result "1-0"]
[WhiteElo "1466"]
[BlackElo "1274"]
[PlyCount "109"]
[EventDate "2019.05.23"]
[EventType "swiss"]
[EventRounds "6"]
[EventCountry "COL"]
[SourceTitle "EXT 2024"]
[Source "ChessBase"]
[SourceDate "2023.10.10"]
[SourceVersion "1"]
[SourceVersionDate "2023.10.10"]
[SourceQuality "1"]

1. e4 c5 2. Nf3 d6 3. d4 cxd4 4. Nxd4 Nf6 5. Nc3 g6 6. Bc4 Bg7 7. f3 0-0 8. Be3 Nc6 9. Qd2 Bd7 10. Nxc6 Bxc6 11. 0-0-0 Rc8 12. Bb3 a5 13. a4 Qd7 14. Qd3 Rb8 15. Nb5 Rfc8 16. Na7 Rc7 17. Bb6 Ra8 18. Bxc7 Rxa7 19. Bb6 Ra6 20. Be3 Bxa4 21. Bxa4 Qxa4 22. Qa3 Qc4 23. Rd4 Qe2 24. Qd3 Qxg2 25. Qf1 Qxf1+ 26. Rxf1 Nd7 27. Rd3 Rc6 28. f4 Nb6 29. Bxb6 Rxb6 30. Rb3 Bd4 31. Rff3 a4 32. Rxb6 Bxb6 33. Kd2 Bd4 34. Ra3 b5 35. b3 Bc5 36. Ra2 a3 37. c3 b4 38. cxb4 Bxb4+ 39. Kd3 Bc5 40. Kc4 e6 41. e5 Kf8 42. b4 Be3 43. exd6 Bxf4 44. Kc5 Bc1 45. b5 Ke8 46. Kc6 Be3 47. d7+ Ke7 48. b6 f5 49. b7 Ba7 50. Rxa3 Bb8 51. d8Q+ Kxd8 52. Ra8 Ke7 53. Rxb8 f4 54. Re8+ Kxe8 55. b8Q+ 1-0

[Event "COL-ch U16 sf1"]
[Site "Duitama"]
[Date "2019.04.11"]
[Round "1.13"]
[White "Mogollon Tobar, Nicolle Juliet"]
[Black "Obando Gonzalez, Luis Alejandro"]
[Result "1-0"]
[WhiteElo "1452"]
[BlackElo "1467"]
[PlyCount "39"]
[EventDate "2019.04.11"]
[EventType "swiss"]
[EventRounds "6"]
[EventCountry "COL"]
[SourceTitle "EXT 2024"]
[Source "ChessBase"]
[SourceDate "2023.10.10"]
[SourceVersion "1"]
[SourceVersionDate "2023.10.10"]
[SourceQuality "1"]

1. e4 c6 2. d4 d5 3. e5 Bf5 4. Nf3 e6 5. Be2 c5 6. c3 Nc6 7. 0-0 Qb6 8. a3 cxd4 9. cxd4 f6 10. exf6 Nxf6 11. b4 a6 12. Nc3 Ne4 13. Na4 Qc7 14. Bb2 Bd6 15. h3 0-0 16. Nc5 Bxc5 17. bxc5 Ne7 18. Rc1 Ng6 19. g4 Ng3 20. gxf5 1-0